| 000 | 01160nam a22002777a 4500 | ||
|---|---|---|---|
| 005 | 20100906104624.0 | ||
| 008 | 100906t xxu||||| |||| 00| 0 hin d | ||
| 010 | _aHIN-90397 | ||
| 020 |
_a9788188457694 _c250.00 |
||
| 035 | _aHN-62743 | ||
| 037 | _bDBAD/PUN | ||
| 040 |
_aDPL _bHN |
||
| 082 | _aक | ||
| 100 |
_918464 _aसातपुते, आलोक कुमार |
||
| 245 |
_aबैताल फिर डाल पर / _cआलोक कुमार सातपुते |
||
| 246 |
_aBetal phir daal par _bby Alok Kr. Satpute |
||
| 260 |
_aनई दिल्ली _bकल्याणी शिक्षा परिषद _c2010 |
||
| 270 |
_a3320-21, जटवाड़ा, दरियागंज _bनई दिल्ली _e110002 |
||
| 300 |
_a160पृ. _c22सेमी (सजिल्द) |
||
| 650 |
_91169 _aलघु कथाएं, हिन्दी |
||
| 650 | _918465 | ||
| 700 | _918865 | ||
| 700 | _918866 | ||
| 942 |
_2ddc _cHN _hक _mसातपु |
||
| 999 |
_c44535 _d44535 |
||